000 02041nam a2200421 c 4500
003 BLK
005 20220930163407.0
008 180409b bul|||||r ||||||| ||bul||
010 _aKNG00116905000
020 _a954-7610-16-3
_bиздат.: ИнфоДар - (грешен)
040 _aBLK
041 _aBUL
_cBUL
080 _aАпаратура за снимки. Фотоапарати. Фотоувеличители
_b771.3
_x:681.3(035)
_z771.3:681.3(035)
080 _aФотографска техника и процеси. Вж и 771
_b77.02
_x:681.3(035)
_z77.02:681.3(035)
100 1 _aМакклиланд, Дик
_eпърви автор
_991276
700 1 _aАйсман, Катрин
_eсъавт.
_929824
700 1 _aДжерард, Алексис
_eпредг. от
_9312216
700 1 _aСтанчева, Даринка
_eпрев. от англ.
_9312217
139 _aМакклиланд, Дик и др.
_bМ 19
245 1 0 _aРеалният свят на цифровата фотография
_bПроизводствено-ефективни техники
_cДик Макклиланд; съавт. Катрин Айсман; предг. от Алексис Джерард; прев. от англ. Даринка Станчева.
257 _aUSA
260 София
_bИнфоДар
_c2001
_fСофия : Симолини
300 _a453 с., 32 с.
_bцв. ил.
_c23 см
380 _a7
500 _aБез сведение за ориг. загл.
650 4 _aФотография - наръчници и ръководства
_9258492
650 4 _aЕИМ - приложение - във фотографията
_9311636
653 _aфотография
653 _aЕИМ
653 _aнаръчници
653 _aцифрова фотография
653 _aцифрови изображения
852 _aЦб 222200
856 4 _qpdf
_u
856 4 _qpdf
_u
942 _cKNG
_n0
_01
944 _aCR
_c17.01.2005
_lф /
_kЦветанка_Енчева
944 _aED
_c25.09.2017
_lф /
_kВиолета_Тройчева
999 _c111559
_d111559